Eastern Utah Libraries Catalog: Duchesne, Heber, Roosevelt, & Vernal

The mentalist. The seventh and final season (Record no. 200014)

MARC details
000 -LEADER
fixed length control field 02951cgm a2200613Mi 4500
001 - CONTROL NUMBER
control field ocn908424267
003 - CONTROL NUMBER IDENTIFIER
control field OCoLC
005 - DATE AND TIME OF LATEST TRANSACTION
control field 20251208121553.0
007 - PHYSICAL DESCRIPTION FIXED FIELD--GENERAL INFORMATION
fixed length control field vd ugaizu
008 - FIXED-LENGTH DATA ELEMENTS--GENERAL INFORMATION
fixed length control field 150212s2015 cau543 g vleng d
020 ## - INTERNATIONAL STANDARD BOOK NUMBER
International Standard Book Number 6315878385
020 ## - INTERNATIONAL STANDARD BOOK NUMBER
International Standard Book Number 9786315878381
024 1# - OTHER STANDARD IDENTIFIER
Standard number or code 883929448524
028 42 - PUBLISHER NUMBER
Publisher number 1000531107
Source Warner Bros. Entertainment
035 ## - SYSTEM CONTROL NUMBER
System control number (OCoLC)908424267
040 ## - CATALOGING SOURCE
Original cataloging agency AZD
Language of cataloging eng
Description conventions rda
Transcribing agency AZD
Modifying agency UINTA
041 1# - LANGUAGE CODE
Language code of text/sound track or separate title eng
Language code of original and/or intermediate translations of text eng
049 ## - LOCAL HOLDINGS (OCLC)
Holding library UCLB
092 ## - LOCALLY ASSIGNED DEWEY CALL NUMBER (OCLC)
Classification number DVD Men
245 04 - TITLE STATEMENT
Title The mentalist. The seventh and final season
Medium [DVD videorecording] /
260 ## - PUBLICATION, DISTRIBUTION, ETC. (IMPRINT)
Name of publisher, distributor, etc Warner Home Video.
264 #1 - Production, Publication, Distribution, Manufacture, and Copyright Notice.
Place of production, publication, distribution, manufacture Burbank, CA :
Name of producer, publisher, distributor, manufacturer Warner Bros. Entertainment, created by Bruno Heller ; produced by Simon Baker, Alex Berger, Matthew Carlisle ; written by Tom Szentgyorgyi, Jordan Harper, Tom Donaghy, Alex Berger, Marisa Wegrzyn [and others] ; directed by Chris Long, Bill Eagles, Michael Nankin, Geary McLeod, Edward Ornelas [and others].
Date of production, publication, distribution, manufacture, or copyr [2015]
-- �2015
300 ## - PHYSICAL DESCRIPTION
Extent 3 videodiscs (543 min.) :
Other physical details sound, color ;
Dimensions 4 3/4 in.
336 ## - Content Type
Content type term two-dimensional moving image
337 ## - Media type
Media type term video
338 ## - Carrier type
Carrier type term videodisc
500 ## - GENERAL NOTE
General note Features: Patrick Jane : an uncommon man; unaired scenes.
500 ## - GENERAL NOTE
General note Dolby digital 5.1, anamorphic wide screen 1.78:1.
500 ## - GENERAL NOTE
General note $39.98.
505 0# - FORMATTED CONTENTS NOTE
Formatted contents note Nothing but blue skies -- The Greybar Hotel -- Orange blossom ice cream -- Black market -- The silver briefcase -- Green light -- Little yellow house -- The whites of his eyes -- Copper bullet -- Nothing gold can stay -- Byzantium -- Brown shag carpet -- White orchids.
511 1# - PARTICIPANT OR PERFORMER NOTE
Participant or performer note Simon Baker, Robin Tunney, Tim Kang, Rockmond Dunbar, Joe Adler.
518 ## - DATE/TIME AND PLACE OF AN EVENT NOTE
Date/time and place of an event note Originally broadcast on television 2014-2015.
520 ## - SUMMARY, ETC.
Summary, etc After his wife and child are murdered, fake celebrity psychic Patrick Jane shakes his ruse and uses his powers of observation as an agent for the California Bureau of Investigation.
521 8# - TARGET AUDIENCE NOTE
Target audience note TV rating: TV-14.
540 ## - TERMS GOVERNING USE AND REPRODUCTION NOTE
Terms governing use and reproduction For private home use only.
546 ## - LANGUAGE NOTE
Language note Closed-captioned.
546 ## - LANGUAGE NOTE
Language note In English with optional English, French, or Spanish subtitles.
650 #0 - SUBJECT ADDED ENTRY--TOPICAL TERM
Topical term or geographic name as entry element Fiction television programs.
9 (RLIN) 5727689
650 #0 - SUBJECT ADDED ENTRY--TOPICAL TERM
Topical term or geographic name as entry element Films for the hearing impaired.
9 (RLIN) 82528
650 #0 - SUBJECT ADDED ENTRY--TOPICAL TERM
Topical term or geographic name as entry element Detective and mystery television programs.
650 #0 - SUBJECT ADDED ENTRY--TOPICAL TERM
Topical term or geographic name as entry element Observation (Psychology)
Form subdivision Drama.
9 (RLIN) 6410812
650 #0 - SUBJECT ADDED ENTRY--TOPICAL TERM
Topical term or geographic name as entry element DVD-Video discs.
650 #0 - SUBJECT ADDED ENTRY--TOPICAL TERM
Topical term or geographic name as entry element Murder
General subdivision Investigation
Form subdivision Drama.
9 (RLIN) 5675811
650 #0 - SUBJECT ADDED ENTRY--TOPICAL TERM
Topical term or geographic name as entry element Television series.
650 #0 - SUBJECT ADDED ENTRY--TOPICAL TERM
Topical term or geographic name as entry element Television cop shows.
9 (RLIN) 99174
650 #0 - SUBJECT ADDED ENTRY--TOPICAL TERM
Topical term or geographic name as entry element Police
Geographic subdivision California
Form subdivision Drama.
9 (RLIN) 6410811
700 1# - ADDED ENTRY--PERSONAL NAME
Personal name Long, Chris
Titles and other words associated with a name (Director)
Relator term director.
9 (RLIN) 6013185
700 1# - ADDED ENTRY--PERSONAL NAME
Personal name Eagles, Bill,
Relator term director.
9 (RLIN) 5837319
700 1# - ADDED ENTRY--PERSONAL NAME
Personal name Baker, Simon,
Dates associated with a name 1969-
Relator term producer,
-- actor.
9 (RLIN) 72570
700 1# - ADDED ENTRY--PERSONAL NAME
Personal name Kang, Tim,
Dates associated with a name 1973-
Relator term actor.
9 (RLIN) 6212640
700 1# - ADDED ENTRY--PERSONAL NAME
Personal name Tunney, Robin,
Relator term actor.
9 (RLIN) 63322
730 0# - ADDED ENTRY--UNIFORM TITLE
Uniform title Mentalist (Television program).
Number of part/section of a work Season 7.
9 (RLIN) 6410818
942 ## - ADDED ENTRY ELEMENTS (KOHA)
Source of classification or shelving scheme Dewey Decimal Classification
Koha item type DVD
Holdings
Withdrawn status Lost status Source of classification or shelving scheme Materials specified (bound volume or other part) Damaged status Not for loan Collection code Home library Current library Shelving location Date acquired Source of acquisition Serial Enumeration / chronology Total Checkouts Total Renewals Full call number Barcode Date last seen Date checked out Cost, replacement price Price effective from Koha item type
    Dewey Decimal Classification 3 discs     Television Series Wasatch County Library Wasatch County Library Audio Visual Area 03/24/2021 Baker & Taylor Season 7 5 10 TV Series Mentalist #7 34301001711896 07/02/2025 05/23/2025 29.98 03/24/2021 DVD Series
This project was made possible through a grant from the Institute of Museum and Library Service administered by the Utah State Library Division.

Wasatch County Library

  • 465 East 1200 South, Heber City, Utah 84032
  • Phone 435-654-1511 | Fax 435-654-6456

Hours

  • Monday - Friday 9:30 AM - 8:00 PM
  • Saturday 9:30 AM - 1:30 PM
  • Closed Sundays and Holidays